Normal view
MARC view
Entry Topical Term
001 - CONTROL NUMBER
- control field: 43635
003 - CONTROL NUMBER IDENTIFIER
- control field: ARRUPE
005 - DATE AND TIME OF LATEST TRANSACTION
- control field: 20181123125215.0
008 - FIXED-LENGTH DATA ELEMENTS
- fixed length control field: 181123|| aca||aabn | a|a d
040 ## - CATALOGING SOURCE
- Original cataloging agency: ARRUPE
- Transcribing agency: ARRUPE
150 ## - HEADING--TOPICAL TERM
- Topical term or geographic name as entry element: French language
- Form subdivision: Textbooks for foreign speakers
- General subdivision: English.
670 ## - SOURCE DATA FOUND
- Source citation: Work cat.: (ARRUPE)0: Stillman, David M. 43634, The ultimate French review and practice :, c1999.